IFM Opac

The crisis in economic theory (Record no. 15915)

MARC details
000 -LEADER
fixed length control field 00280nam a22001217a 4500
020 ## - INTERNATIONAL STANDARD BOOK NUMBER
International Standard Book Number 0465014763
082 ## - DEWEY DECIMAL CLASSIFICATION NUMBER
Classification number 330 CRI
245 ## - TITLE STATEMENT
Title The crisis in economic theory
260 ## - PUBLICATION, DISTRIBUTION, ETC.
Place of publication, distribution, etc. New york
Name of publisher, distributor, etc. Basic books
Date of publication, distribution, etc. 1981
300 ## - PHYSICAL DESCRIPTION
Extent xiii,226p.
Other physical details 18cm
500 ## - GENERAL NOTE
General note Including Index
942 ## - ADDED ENTRY ELEMENTS (KOHA)
Koha item type Books
Holdings
Withdrawn status Lost status Damaged status Not for loan Home library Current library Shelving location Date acquired Total Checkouts Full call number Date last seen Price effective from Koha item type
        IFM Main Campus Library IFM Main Campus Library Stack Collection 04/15/2016   330 CRI 04/15/2016 04/15/2016 Books